| 000 | 00609nam a2200217Ia 4500 | ||
|---|---|---|---|
| 005 | 20241129120056.0 | ||
| 008 | 241129s9999||||xx |||||||||||||| ||und|| | ||
| 020 | _a9781478018889 | ||
| 037 | _aTB | ||
| 040 |
_aSDCL _beng _cSDCL |
||
| 041 |
_aeng _2eng |
||
| 084 |
_aY15.2'P, R2 _qSDCL |
||
| 100 | _aRoy Srila | ||
| 245 | 0 | _aChanging the subject: Feminist and queer politics in neoliberal India | |
| 260 |
_aDurham _bDuke University Press _c2022 |
||
| 300 | _axxi,254p. | ||
| 365 |
_aUSD _b26.95 |
||
| 650 | _aPolitical Science | ||
| 942 |
_cTB _hY15.2'P, R2 |
||
| 999 |
_c1233244 _d1233244 |
||